000 00590nam a2200157 a 4500
008 100903s1995 ||||||||||||||||| || u
050 _aPAPERS/STAFF
100 _aQobo, Celina
245 1 0 _aGovernment publication in Lesotho: there availability and accessibility
260 _aPretoria
_bInstitute for Security Studies (ISS)
_c1995
300 _a15p
350 _a0.00
650 3 _aPUBLISHING
700 _aChisenga, Justin
995 _D0.00
_FCBU-MAIN LIBRARY (Kitwe)
_H1
_I0.00
_M1
_UAVAILABLE
_WSep 3, 2010
_ZUniversity Collection
999 _c44859
_d44859